000 00734nam a22002417a 4500
003 DO-SdBNP
005 20171128154203.0
008 171128b 1964 sp||| 00| 0 spa d
040 _aBPMSU
_bspa
_cBPMSU
082 _axxxxx
_bxxxxx
100 1 _aTabor, Markus
245 1 _a¿Aman los otros de otra manera? /
_cMarkus Tabor, Wolf Gertt ; traducción José Moya Soley, Ute Körner de Moya
260 _aEspaña :
_bFerma,
_c1964.
300 _a228 p. ;
_c20 cm.
490 1 _aNovus mundus
700 _aGertt, Wolf
700 1 _aMoya Soley, José,
_etr.
700 1 _aKörner Moya, Ute de,
_etr.
830 0 _aNovus mundus
942 _2ddc
_cBK
945 _aInventariado extranjero / 2017 BT
956 _aBTAVAREZ
_b10
_c20171128
_d0038
999 _c13185
_d13185